03288nam a2200409 u 4500001000800000005001700008007001000025008004100035035001200076040001300088041000800101082000800109100005100117245004400168260005400212300001300266520157300279541008401852650004501936650005201981650005202033650003702085650004702122700005602169700004402225700004802269700005602317700005002373700005302423700004202476942001002518999001902528502001002547526000702557952016802564952014602732123670820260508070642.0co|||||||110328s2011 mul  a1236708 ccomduadb amul 4a39410aCruz Casallas, Marlon Andres4auteaut961520910aMemorias de la danza folclorica cuyabra aMedellín :b[sin publicador],c2011 ;aArmenia. a1 CD-ROM3 aAl tratar de imaginar como surgió e inicio el proceso dancístico-escénico en el municipio de Armenia, una localidad tan joven en el contexto nacional, debemos dirigirnos a una serie de personajes, relatos y hechos, que suscitan y convalidan toda una amalgama de información que sistematizadamente fue concatenada, buscando promulgar unas ideas y postulados claros que nos referencien, el devenir de todo el proceso dancístico ¿ escénico que tuvo la expresiones de la danza tradicional en la ciudad de Armenia Quindío. Así se revelara historicidades y personajes dancísticos, que afianzaran una idea clara que permita a todos los habitantes, poder identificarse plenamente con la naturaleza de sus principales características dancísticas; y de este modo poder legitimar y apropiarse de ellas, a fin de conocerlas y respetarlas. Al trascender las paredes de la academia, se nos impulsa a crear y suscitar mecanismos, que encaminen una ayuda para el desarrollo y la dignificación del patrimonio cultural de nuestras regiones; en este caso la danza. Es por esto que a lo largo de nuestro historial como maestros-bailarines, vemos la necesidad de sistematizar esta idea, a fin de que en un futuro las nuevas generaciones y los visitantes de nuestra ciudad (Armenia ¿ Quindío), puedan conocer y tener a su alcance, un material que les permita relacionar el desarrollo cultural, artístico y dancístico de la Armenia que actualmente vive, y de la Armenia que cotidianamente busca ser dignificada, en su quehacer dancístico a nivel nacional. aProyecto de Profesionalización en Artes Colombia Creativa, Armenia - Quindio. aDanzas folclóricas colombianas9155360 aArmenia (Quindio) - Desarrollo cultural9190980 aIdentidad cultural - Quindio (Colombia)9160828 7aMemoria colectiva2armarc930649 7aDanzas populares y nacionales2lemb91116010aSolano Gutierrez, Diego Alexander4auteaut961617510aChilito Navia, Dulfay4auteaut961783110aRincon de la Pava, Norbey4auteaut961617610aVillegas Hincapié, Lina María4thseths931444610aViana Cisneros, Luis Felipe4thseths960059710aParra Díaz, Aníbal Ignacio4thseths932099710aTamayo, Ana María4thseths9600338 cTESIS c573202d573202 b32c7 a32 001040708TESDIGBCaBCbBCd2011-03-28eMaterial adquirido por donacióniC1113048l0o394.319 C957 CD-ROMp0751778r2023-05-01 00:00:00t1w2023-05-01yDIGITAL 001040708GENERALaCEDEAbCEDEAd2011-03-31iC1114116l0oTRA/LIED0043 2011 CD-ROM e2p0780510r2023-05-01 00:00:00t2w2023-05-01yDIGITAL